000 01275pam a22002894a 4500
999 _c4918
_d4918
001 49935972
003 OCoLC
005 20181217192312.0
008 020513s2002 miu b 001 0 eng
010 _a2002007517
020 _a0800793145 (pbk.)
040 _aDLC
_cDLC
_dFIN
042 _apcc
050 0 0 _aBT745
_b.K68 2002
082 0 0 _a234.13
_221
_bK89C
090 _aBT745
_b.K68 2002
100 1 _aKraft, Charles H.
245 1 0 _aConfronting powerless Christianity :
_bEvangelicals and the missing dimension /
_cCharles H. Kraft.
260 _aGrand Rapids, Mich. :
_bChosen Books,
_cc2002.
300 _a256 p. ;
_c23 cm.
504 _aIncludes bibliographical references (p. 247-250) and index.
505 0 _aSpiritual warfare : a crucial issue -- Worldview -- Ten critical issues for Evangelicals -- The importance of experience -- Misuse of spiritual power -- A science in the spiritual realm? -- Three-dimensional Christianity -- Beyond conversion to freedom -- Partnership and authority -- Using God-given authority -- Spiritual warfare -- Ground-level spiritual warfare -- Cosmic-level spiritual warfare -- I want to finish well.
650 0 _aSupernatural (Theology)
650 0 _aSpiritual warfare.
650 0 _aEvangelicalism.
942 _2ddc
_cBK